Construction site processes. (Record no. 94013)

MARC details
000 -LEADER
fixed length control field 01265cam a2200289 4500
001 - CONTROL NUMBER
control field J4044
008 - FIXED-LENGTH DATA ELEMENTS--GENERAL INFORMATION
fixed length control field 090401t1996 xxu||||| |||| 00| 0 eng d
020 ## - INTERNATIONAL STANDARD BOOK NUMBER
International Standard Book Number 1900491311
035 ## - SYSTEM CONTROL NUMBER
System control number (Sirsi) u58035
041 ## - LANGUAGE CODE
Language code of text/sound track or separate title eng
050 ## - LIBRARY OF CONGRESS CALL NUMBER
Classification number 658.5620285
110 ## - MAIN ENTRY--CORPORATE NAME
Corporate name or jurisdiction name as entry element Construct IT Centre of Excellence
9 (RLIN) 3566
245 ## - TITLE STATEMENT
Title Construction site processes.
260 ## - PUBLICATION, DISTRIBUTION, ETC.
Place of publication, distribution, etc. Salford
Name of publisher, distributor, etc. Construct IT Centre of Excellence
Date of publication, distribution, etc. 1996
300 ## - PHYSICAL DESCRIPTION
Extent 49p. ; 30cm.
350 ## - PRICE (NR) (BK AM CF MU VM SE) [OBSOLETE]
Price 30
490 ## - SERIES STATEMENT
Series statement Benchmarking Best Practice IT Reports
520 ## - SUMMARY, ETC.
Summary, etc. The Construct IT Centre of Excellence is an industry-led initiative that has been set up to co-ordinate and promote research in IT in construction in the UK to improve competitive performance of the UK construction industry. Presents the results of a benchmarking study involving 11 construction companies looking into the use of IT in construction site processes, covering such aspects as health and safety, planning and conrol.
650 ## - SUBJECT ADDED ENTRY--TOPICAL TERM
Topical term or geographic name entry element BENCHMARKING
650 ## - SUBJECT ADDED ENTRY--TOPICAL TERM
Topical term or geographic name entry element CONSTRUCTION INDUSTRY
650 ## - SUBJECT ADDED ENTRY--TOPICAL TERM
Topical term or geographic name entry element CONSTRUCTION SITES
650 ## - SUBJECT ADDED ENTRY--TOPICAL TERM
Topical term or geographic name entry element MANAGEMENT-BUSINESS MANAGEMENT-INFORMATION MANAGEMENT
650 ## - SUBJECT ADDED ENTRY--TOPICAL TERM
Topical term or geographic name entry element SITE MANAGEMENT
690 ## - LOCAL SUBJECT ADDED ENTRY--TOPICAL TERM (OCLC, RLIN)
Topical term or geographic name as entry element MANAGEMENT-BUSINESS MANAGEMENT-INFORMATION MANAGEMENT
942 ## - ADDED ENTRY ELEMENTS (KOHA)
Suppress in OPAC 0
948 ## - LOCAL PROCESSING INFORMATION (OCLC); SERIES PART DESIGNATOR (RLIN)
c (OCLC) 04/03/1997
Holdings
Withdrawn status Lost status Source of classification or shelving scheme Damaged status Not for loan Home library Current library Shelving location Date acquired Cost, normal purchase price Total Checkouts Full call number Barcode Date last seen Date last checked out Copy number Cost, replacement price Price effective from Koha item type
    Dewey Decimal Classification     London London Basement 14/09/1999 30.00 8 BASEMENT 30054211 06/08/2019 01/12/2003 1 30.00 06/08/2019 Book